Los procesos de la relación de ayuda /

Obra que compila las principales cuestiones que ocupan e interesan a los profesionales de la ayuda psicológica, explicados de manera clara y sistemática dirigidos a todos aquellos interesados en la relación de ayuda, aunque procedan de campos diversos de la psicología. El Modelo conjuntivo de ayuda,...

Descripción completa

Guardado en:
Detalles Bibliográficos
Autor principal: Madrid Soriano, Jesús (autor)
Formato: Libro
Idioma:Español
Publicado: Bilbao, España : Desclée de Brouwer, 2005, c2005
Colección:(Biblioteca de Psicología Desclée de Brouwer ; 136)
Temas:
Etiquetas: Agrega una etiqueta
Sin etiquetas, Sé el primero en etiquetar este registro!

MARC

LEADER 00000nam^a2200000^a^4500
001 000177743
005 20250521000000.0
009 20260310101725.232
020 |a 84-330-1926-0 
037 |a Acervo ITESO - Biblioteca 
041 |a ESP 
082 |a 616. 8914  |b MAD 
100 |a Madrid Soriano, Jesús  |e (autor) 
245 1 4 |a Los procesos de la relación de ayuda /  |c J. Madrid Soriano. 
264 4 |a Bilbao, España :  |b Desclée de Brouwer,  |c 2005, c2005 
300 |a 860 p. 
336 |a texto  |b txt  |2 rdacontenido 
337 |a sin mediación  |b n  |2 rdamedio 
338 |a volumen  |b nc  |2 rdasoporte 
440 1 |a (Biblioteca de Psicología Desclée de Brouwer ;  |v 136) 
520 |a Obra que compila las principales cuestiones que ocupan e interesan a los profesionales de la ayuda psicológica, explicados de manera clara y sistemática dirigidos a todos aquellos interesados en la relación de ayuda, aunque procedan de campos diversos de la psicología. El Modelo conjuntivo de ayuda, que aquí se presenta, se inscribe dentro de la Terapia integrativa cuya idea central es que la persona que pide ayuda tiene como mínimo dos problemas, cualitativamente diferentes: 1) El problema que le hace sufrir en la vida ordinaria y le impulsa a pedir ayuda y que es el motivo de consulta y 2) el problema relacional que le surge al tener que mostrarse necesitado e indefenso ante el Agente de ayuda. Ambos problemas son importantes para el modelo conjuntivo y propone elabrorar dos procesos de ayuda distintos, aunque relacionados entre sí: El proceso de encuentro personal y el proceso de resolución del problema objetivado. 
521 |a EEnlace Departamento de Psicología, Educación y Salud 2016 
649 |a XX 
650 |a Entrevista Psicológica 
650 |a Miedo 
650 |a Depresión 
650 |a Neurosis 
650 |a Ansiedad 
650 |a Psicopatología -  |x Diagnóstico 
650 |a Comunicación Personal 
650 |a Teléfono -  |x Aspectos Sociales y Culturales 
650 |a Telecomunicaciones 
650 |a Mediación de la Comunicación 
650 |a Empatía 
650 |a Escucha 
650 |a Relación Médico-Paciente -  |x Prácticas Profesionales 
650 |a Relación Analítica 
650 |a Relación Terapéutica 
650 |a Papel del Analista 
650 |a Transferencia (Psicoanálisis) 
650 |a Psicoterapia 
650 |a Objeto (Psicoanálisis) 
650 |a Cambio de Actitud 
650 |a Solución de Problemas 
650 |a Toma de Decisiones 
650 |a Psicoanálisis 
650 |a Psicología 
650 |a Psicoterapia 
650 |a Psicología Clínica 
650 |a Psicología Médica 
650 |a Medicina 
910 |a Fondo General 
920 |a Impresos - Libros 
930 |a Colección General 
905 |a 101 
901 |a 0500116509  |b IT1  |c ACC  |u 20250521 
901 |a 0500127509  |b IT1  |c ACC  |u 20250521 
901 |a 0500158972  |b IT1  |c ACC  |u 20250521 
902 |a https://opac.biblio.iteso.mx/vufind/Record/000177743